书目信息 |
| 题名: |
复中兴华
|
|
| 作者: | 冯永国 著 | |
| 分册: | ||
| 出版信息: | 北京 中国言实出版社 2012.08 |
|
| 页数: | 252页 | |
| 开本: | 24cm | |
| 丛书名: | ||
| 单 册: | ||
| 中图分类: | D60 | |
| 科图分类: | ||
| 主题词: | 发展战略--研究--中国 , 发展战略 | |
| 电子资源: | ||
| ISBN: | 978-7-80250-911-5 | |
| 000 | 00785nam0 2200253 450 | |
| 001 | 006366514 | |
| 005 | 20130608172603.62 | |
| 010 | @a978-7-80250-911-5@dCNY29.80 | |
| 035 | @a006366514 | |
| 100 | @a20121208d2012 em y0chiy0110 ea | |
| 101 | 0 | @achi |
| 102 | @aCN@b110000 | |
| 105 | @aa z 000yy | |
| 106 | @ar | |
| 200 | 1 | @a复中兴华@9fu zhong xing hua@f冯永国著 |
| 210 | @a北京@c中国言实出版社@d2012.08 | |
| 215 | @a252页@c照片@d24cm | |
| 330 | @a本书提出了“复中兴华”的商业运作方案,创立了“等值募捐”的商业行为理论学说,并提出了具体的操作办法,涉及到资源、国防、教育、房产、股票、彩票等各个领域。 | |
| 606 | 0 | @a发展战略@x研究@y中国 |
| 606 | 0 | @a发展战略 |
| 690 | @aD60@v5 | |
| 701 | 0 | @a冯永国@9feng yong guo@4著 |
| 801 | 0 | @aCN@bNLC@c20130104 |
| 905 | @dD60@e114 | |
| 复中兴华/冯永国著.-北京:中国言实出版社,2012.08 |
| 252页:照片;24cm |
| ISBN 978-7-80250-911-5:CNY29.80 |
| 本书提出了“复中兴华”的商业运作方案,创立了“等值募捐”的商业行为理论学说,并提出了具体的操作办法,涉及到资源、国防、教育、房产、股票、彩票等各个领域。 |
| ● |
| 相关链接 |
|
|
|
|
正题名:复中兴华
索取号:D60/114
 
预约/预借
| 序号 | 登录号 | 条形码 | 馆藏地/架位号 | 状态 | 备注 |
| 1 | 0545857 | 205458574 | 第一样本阅览室/ [索取号:D60/114] | 在馆 | |
| 2 | 0545858 | 205458583 | 第一借阅区/ [索取号:D60/114] | 在馆 | |
| 3 | 0545859 | 205458592 | 第一借阅区/ [索取号:D60/114] | 在馆 | |
| 4 | 0545860 | 205458609 | 第一借阅区/ [索取号:D60/114] | 在馆 | |
| 5 | 0545861 | 205458618 | 第一借阅区/ [索取号:D60/114] | 在馆 |